00686nam a22002417a 4500003000500000005001700005008004100022010001100063011001100074035001100085040000900096082002000105100001600125245006500141250001000206260003600216300001900252490003300271534008000304650001400384650001300398830003300411CHAP20220817044433.0110414s1982 mx a r 00010 spa d a100951 a101923 a112611 cCHAP04a539.7bK84 19821 aKorn, Jerry10aÁtomos :bel corazón de toda la materiac/por Jerry Korn a8 ed. aMéxico, D.F. :bNovaro,c1982 a48 p. :bilus. 0aLibros de oro del saberv; 5 pTít. original :tAtoms, the core of all matter.cE.U.A. : Westerm, C1982.14aÁtomos.14aMateria. 0aLibros de oro del saberv; 5